Introduction to insect pest management / (Record no. 36602)
[ view plain ]
| 000 -LEADER | |
|---|---|
| fixed length control field | 00819nam a22002657a 4500 |
| 001 - CONTROL NUMBER | |
| control field | 36602 |
| 003 - CONTROL NUMBER IDENTIFIER | |
| rucl marc code | BD-RjUL |
| 005 - DATE AND TIME OF LATEST TRANSACTION | |
| control field | 20211209052517.0 |
| 008 - FIXED-LENGTH DATA ELEMENTS--GENERAL INFORMATION | |
| fixed length control field | 140723r20111994ii a|||| |||| 001 0 eng d |
| 020 ## - INTERNATIONAL STANDARD BOOK NUMBER | |
| International Standard Book Number | 9788126529933 |
| 035 ## - SYSTEM CONTROL NUMBER | |
| System control number | (BD-RjUL)36703 |
| 040 ## - CATALOGING SOURCE | |
| Original cataloging agency | BD-RjUL |
| Language of cataloging | eng |
| Transcribing agency | BD-RjUL |
| 041 ## - LANGUAGE CODE | |
| Language code of text/sound track or separate title | eng |
| 082 ## - DEWEY DECIMAL CLASSIFICATION NUMBER | |
| Edition number | 20 |
| Classification number | 632.7 |
| Author mark and year | INT 2011 |
| 245 ## - TITLE STATEMENT | |
| Title | Introduction to insect pest management / |
| Statement of responsibility, etc. | Edited by Robert Lee Metcalf; William Henry Luckmann |
| 250 ## - EDITION STATEMENT | |
| Edition statement | 3rd. |
| 260 ## - PUBLICATION, DISTRIBUTION, ETC. (IMPRINT) | |
| Place of publication, distribution, etc. | Delhi : |
| Name of publisher, distributor, etc. | Whily India Pvt. Ltd. |
| Date of publication, distribution, etc. | c1994 [Printing 2011] |
| 300 ## - PHYSICAL DESCRIPTION | |
| Pagination | xiii, 650 p. : |
| Illustrations | ill. ; |
| Size | 25 cm. |
| 504 ## - BIBLIOGRAPHY, ETC. NOTE | |
| Bibliography, etc | Includes Index. |
| 650 ## - SUBJECT ADDED ENTRY--TOPICAL TERM | |
| Topical term or geographic name as entry element | Insect pests |
| General subdivision | Control. |
| 9 (RLIN) | 38483 |
| Topical term or geographic name as entry element | Pests |
| General subdivision | Insects |
| 9 (RLIN) | 111548 |
| 700 ## - ADDED ENTRY--PERSONAL NAME | |
| Personal name | Metcalf, Robert Lee |
| Personal name | Luckmann, William Henry |
| 942 ## - ADDED ENTRY ELEMENTS (KOHA) | |
| Source of classification or shelving scheme | Dewey Decimal Classification |
| Koha item type | Books |
| Lost status | Source of classification or shelving scheme | Damaged status | Not for loan | Permanent Location | Current Location | Date acquired | Source of acquisition | Cost, normal purchase price | Total Checkouts | Full call number | Date last seen | Copy number | Koha item type |
|---|---|---|---|---|---|---|---|---|---|---|---|---|---|
| Dewey Decimal Classification | Not For Loan | Institute of Biological Sciences (IBSc) Library | Institute of Biological Sciences (IBSc) Library | 10/06/2012 | Karim International | 2950.00 | 632.7 INT 2011 | 23/07/2014 | C-1 | Books |